Essentials of financial analysis
Αποθηκεύτηκε σε:
| Κύριος συγγραφέας: | |
|---|---|
| Άλλοι συγγραφείς: | |
| Μορφή: | Βιβλίο |
| Γλώσσα: | English |
| Δημοσίευση: |
Hoboken, N.J. :
John Wiley & sons,
c2003
|
| Σειρά: | Essentials series
|
| Θέματα: | |
| Ετικέτες: |
Προσθήκη ετικέτας
Δεν υπάρχουν, Καταχωρήστε ετικέτα πρώτοι!
|
MARC
| LEADER | 00000nam a2200000 i 4500 | ||
|---|---|---|---|
| 001 | 1/48681 | ||
| 008 | 070719s2003 eng d | ||
| 020 | |a 0-471-22830-3 | ||
| 035 | |l 10088982 | ||
| 040 | |a GR-MY-UA |b gre |e aacr | ||
| 041 | 0 | |a eng | |
| 082 | 0 | |a 332.632042 |2 (22) | |
| 100 | 1 | |a Friedlob, G. Thomas. | |
| 245 | 1 | 0 | |a Essentials of financial analysis / |c George T. Friedlob, Lydia L.F. Schleifer |
| 260 | |a Hoboken, N.J. : |b John Wiley & sons, |c c2003 | ||
| 300 | |a vi, 234 σ.; |b πίν.; |c 23 εκ. | ||
| 490 | 1 | |a Essentials series | |
| 504 | |a Περιλαμβάνει βιβλιογραφικές παραπομπές και ευρετήριο | ||
| 650 | 0 | 0 | |a Financial statements |z United States. |
| 650 | 0 | 0 | |a Corporation report |z United States. |
| 700 | 1 | |a Schleifer, Lydia L.F. |q Lydia Lancaster Folger. | |
| 830 | 0 | |a Essentials series | |
| 852 | |a INST |b CHIOS |e 20070719 |h 332.632042 FRI |p 005200025873 |q 005200025873 |t BK |y 0 | ||
| 901 | |a BIBL2-2007-2 | ||
| 909 | |a Χ |b 136847 | ||
| 922 | |a 2ΕΛΗ |b 200707 |c ΕΠΕΑΕΚ2/ΤΔΕ |d Σ. ΠΑΤΑΚΗΣ | ||
| 970 | |a ΒΑΣΙΛΑΚΗ |b ΝΙΚΗ |z 2007/07/19 | ||